| 000 | 00000nam 2200000za 4500 |
| 001 | 9.698836 |
| 003 | CaOODSP |
| 005 | 20240527135429 |
| 007 | cr ||||||||||| |
| 008 | 150407s2014 onca o f000 0 eng d |
| 020 | |a978-1-100-23199-0 |
| 040 | |aCaOODSP|beng |
| 043 | |an-cn--- |
| 086 | 1 |aCW66-274/2014E-PDF |
| 110 | 2 |aCanadian Wildlife Service. |
| 245 | 10|aDisposition or change in use of ecological gifts |h[electronic resource] : |bwhat recipients need to know. |
| 260 | |aOttawa - Ontario : |bEnvironment Canada. |cc2014. |
| 300 | |a4p.|bphotographs |
| 590 | |a15-03|b2015-01-16 |
| 775 | 08|tDisposition ou changement d'utilisation des dons écologiques |w(CaOODSP)9.642836 |
| 776 | 0#|tDisposition or change in use of ecological gifts : |w(CaOODSP)9.652791 |
| 794 | |tDisposition or change in use of ecological gifts : |b2023|w(CaOODSP)9.921060 |
| 795 | |tDisposition or change in use of ecological gifts |b2007|w(CaOODSP)9.690168 |
| 856 | 40|qPDF|s791 KB|uhttps://publications.gc.ca/collections/collection_2015/ec/CW66-274-2014-eng.pdf |